| 000 | 01653cam a2200361Ia 4500 | ||
|---|---|---|---|
| 001 | CRC0KE12031PDF | ||
| 003 | BD-DhSAU | ||
| 005 | 20151012144259.0 | ||
| 006 | m|||||o||d|||||||| | ||
| 007 | cr|||| | ||
| 008 | 110428s2010 ne abd sb 001 0 eng d | ||
| 020 | _a9780203843390 (ebook : PDF) | ||
| 040 |
_aBD-DhSAU _cBD-DhSAU |
||
| 090 |
_aTD427.A77 _bG59 2010 |
||
| 092 |
_a628.162 _bG562 |
||
| 245 | 0 | 4 |
_aThe global arsenic problem _h[electronic resource] : _bchallenges for safe water production / _ceditors, Nalan Kabay ... [et al.]. |
| 260 |
_aLeiden : _bCRC Press/Balkema, _cc2010. |
||
| 300 |
_axxvii, 241 p. : _bill. (some col.), maps. |
||
| 490 | 1 |
_aArsenic in the environment, _x1876-6218 ; _vv. 2 |
|
| 500 | _a"A Balkema book." | ||
| 504 | _aIncludes bibliographical references and indexes. | ||
| 505 | 0 | _asection 1. Overview of global arsenic crisis and human toxicity -- section 2. Arsenic removal : mechanisms, current practices and experiences -- section 3. Membrane processes and applications in arsenic removal -- section 4. Innovations in arsenic removal techniques for safe water production. | |
| 530 | _aAlso available in print edition. | ||
| 538 | _aMode of access: World Wide Web. | ||
| 650 | 0 |
_aWater _xPurification _xAresnic removal. |
|
| 650 | 0 |
_aDrinking water _xArsenic content. |
|
| 655 | 7 |
_aElectronic books. _2lcsh |
|
| 700 | 1 | _aKabay, Nalan. | |
| 776 | 1 | _z9780415575218 | |
| 776 | 1 | _z0415575214 | |
| 830 | 0 |
_aArsenic in the environment ; _vv. 2. |
|
| 856 | 4 | 0 |
_uhttp://marc.crcnetbase.com/isbn/9780203843390 _qapplication/PDF |
| 999 |
_c10977 _d10976 |
||